000 01111nas a2200337 4500
001 BR2011003164
003 BR-BrBNA
005 20231205115334.0
007 ta
008 230509b bl.|||p| |||| 00| 00por d
040 _aBR-BrBNA
_bpor
_cBiblioteca Nacional de Agricultura
041 _a(Pt)
072 _aL02
100 1 _aMalafaia, P.
100 1 _aCarvalho Filho, M.T.P.
100 1 _aSouza, C.C. de
100 1 _aMachado, J.R.C.
100 1 _aMorenz, M.J.F.
100 1 _aFerreira, A.E.
245 1 _aUtilização da cana-de-açúcar fornecida alternadamente com o concentrado a vacas em lactação
246 1 _aUtilization of sugar cane offered separately or together with concentrate to lactating dairy cows
650 _aVACA
650 _aLACTAÇÃO
650 _aCANA DE AÇÚCAR
650 _aURÉIA
650 _aNUTRIÇÃO ANIMAL
650 _aPRODUÇÃO LEITEIRA
773 0 _tRevista Brasileira de Medicina Veterinária (Brazil)
_xISSN 0100-2430
_g(Jul-Sep 2007), v. 29(3) p. 106-109
_wBR2011003164
909 _a202311
_bLúcia
_c55
_dLúcia Elande
942 _2AGRIS
_n0
_cANA
999 _c213297
_d213297